Game of Thrones - Westeros - Carte Quiz - Statistiques

Statistiques générales
  • Ce quiz a été pris 12 157 fois
  • Le résultat moyen est 7 sur 12
Réponses sur la Carte
Les réponses sont colorées sur une échelle allant du rouge au vert en fonction du pourcentage des utilisateurs qui les ont devinées à leur premier essai. Vous pouvez retrouver ces pourcentages ci-dessous.
 
Statistiques - réponses
Réponse % Correct
Au-delà du mur
92%
Le Nord
87%
Les îles de fer
83%
Dorne
67%
Terres de l'ouest
62%
Terres de la couronne
59%
Val d'Arryn
56%
Conflans
46%
Le don de Bran
46%
Terres de l'orage
42%
Bief
34%
Nouveau Don
31%
Aucun quiz correspondant
Distribution des résultats
% des personnes avec chaque résultat
Percentile par nombre de réponses
Votre historique - résultats
Vous n’avez pas pris ce quiz